000
00312nam a22001337a 4500
008
170816b xxu||||| |||| 00| 0 eng d
020
_a
9780534584825
041
_a
eng
080
_2
8 ED
_a
51
100
_a
36
101
_a
MAT
245
_a
A CONCEPT INTRODUCTION TO LOGIC
_c
HURLEY.P
942
_2
udc
_c
BK
999
_c
23675
_d
23675